000 00514nam a2200193Ia 4500
005 20250508161827.0
008 008 250505s9999 xx 000 0 eng d
037 _aTextBook
040 _aFEDL
_beng
_cFEDL
041 _aeng
_2eng
084 _a371.2, KOC/R
_qFEDL
100 _aKochhar S K
245 0 _aSecondary school administration
260 _aDelhi, India
_bSterling Publishers
_c1971
300 _a622p
365 _aINR
_b12
942 _cTB
_h371.2, KOC/R
999 _c1372497
_d1372497